| 000 | 00815nam a2200265 a 4500 | ||
|---|---|---|---|
| 001 | 45499 | ||
| 003 | BD-RjUL | ||
| 005 | 20211209054026.0 | ||
| 008 | 160726s1960 enk 001 0 eng | ||
| 035 | _a(BD-RjUL)45617 | ||
| 040 |
_aDLC _cIAU _dUKM _dEQO _dBD-RjUL _beng |
||
| 041 | _aeng | ||
| 082 | 0 | 4 |
_a341 _218 _bSCM 1960 |
| 100 | 1 |
_aSchwarzenberger, Georg. _9139280 |
|
| 245 | 1 | 2 |
_aA manual of international law / _cGeorg Schwarzenberger |
| 250 | _a4th ed. | ||
| 260 |
_aLondon : _bStevens ; _aNew York : _bPraeger, _cc1960. |
||
| 300 |
_a2 volumes (xviii, 819 pages) _c23 cm. |
||
| 490 |
_aLibrary of world affairs, _vno. 3 |
||
| 500 | _aIncludes index. | ||
| 505 | _aContiene: v. 1 -- v. 2 | ||
| 650 | 0 |
_aInternational law. _9139281 |
|
| 830 | 0 |
_aLibrary of world affairs, _vno. 3 _9140583 |
|
| 942 |
_2ddc _cBK |
||
| 999 |
_c45499 _d45499 |
||